Every Single Sonic the Hedgehog Game Quiz - Statistics

General Stats
  • This quiz has been taken 178 times
    167 since last reset
  • The average score is 60 of 169
Answer Stats
System Release Date Answer % Correct
Sega Genesis June 23, 1991 Sonic the Hedgehog
98%
Master System / Game Gear October 16 1992 Sonic the Hedgehog 2
91%
Sega Genesis February 2, 1994 Sonic the Hedgehog 3
91%
Xbox 360 / PlayStation 3 November 11, 2006 Sonic the Hedgehog
89%
Sega Saturn / PC November 11, 1997 Sonic R
88%
Dreamcast December 23, 1998 Sonic Adventure
86%
Dreamcast June 23, 2001 Sonic Adventure 2
86%
Sega CD September 23, 1993 Sonic CD
82%
Nintendo GameCube / Xbox / PlayStation 2 November 15, 2005 Shadow the Hedgehog
81%
Nintendo Switch / Xbox One / PlayStation 4 / PC November 7, 2017 Sonic Forces
81%
Master System / Game Gear October 25, 1991 Sonic the Hedgehog
81%
Wii November 12, 2010 Sonic Colors
79%
Nintendo DS November 12, 2010 Sonic Colors
79%
Nintendo Switch / Xbox One / Xbox Series X/S / PlayStation 4 / PlayStation 5 / PC November 8, 2022 Sonic Frontiers
79%
Nintendo Switch / Xbox One / PlayStation 4 / PC August 16, 2017 Sonic Mania
79%
Nintendo DS November 15, 2005 Sonic Rush
79%
Game Boy Advance December 20, 2001 Sonic Advance
75%
Xbox 360 / PlayStation 3 / PC November 1, 2011 Sonic Generations
75%
Nintendo 3DS November 24, 2011 Sonic Generations
75%
LeapFrog Didj 2008 Sonic the Hedgehog
75%
Java Platform, Micro Edition June, 2008 Sonic Unleashed
75%
Xbox 360 / PlayStation 3 November 18, 2008 Sonic Unleashed
75%
Wii / PlayStation November 18, 2008 Sonic Unleashed
75%
Leapster May 5, 2005 Sonic X
75%
Game Boy Advance December 19, 2002 Sonic Advance 2
74%
Sega 32X April 21, 1995 Knuckles' Chaotix
72%
Wii March 10, 2009 Sonic and the Black Knight
70%
PC / iOS / Android / Windows Phone March 7, 2013 Sonic Dash
70%
Nintendo GameCube / Xbox / PlayStation 2 / PC December 30, 2003 Sonic Heroes
70%
Sega Genesis October 18, 1994 Sonic & Knuckles
70%
Nintendo Switch / Xbox One / Xbox Series X/S / PlayStation 4 / PlayStation 5 / PC October 17, 2023 Sonic Superstars
70%
Game Boy Advance June 7, 2004 Sonic Advance 3
68%
Nintendo DS September 13, 2007 Sonic Rush Adventure
68%
Wii February 20, 2007 Sonic and the Secret Rings
67%
Wii U November 11, 2014 Sonic Boom: Rise of Lyric
63%
Java Platform, Micro Edition 2001 Sonic J
63%
Wii U / PC October 18, 2013 Sonic Lost World
61%
Nintendo 3DS October 18, 2013 Sonic Lost World
61%
Sega Genesis / Sega Saturn / PC November 9, 1996 Sonic 3D Blast
60%
Game Boy Advance December 4, 2003 Sonic Battle
60%
Master System / Game Gear October 25, 1993 Sonic Chaos
60%
Sega Genesis / Game Gear November 23, 1993 Sonic Spinball
60%
Sega Genesis November 21, 1992 Sonic the Hedgehog 2
60%
Game Gear November 11, 1994 Sonic the Hedgehog Triple Trouble
60%
Game Gear September 22, 1995 Tails Adventure
60%
Nintendo GameCube December 20, 2001 Sonic Adventure 2: Battle
58%
PlayStation Portable November 24, 2006 Sonic Rivals
58%
Nintendo Switch / Xbox One / Xbox Series X/S / PlayStation 4 / PlayStation 5 / PC September 22, 2024 Sonic X Shadow Generations
58%
Nintendo 3DS September 27, 2016 Sonic Boom: Fire & Ice
56%
PlayStation Portable December 7, 2007 Sonic Rivals 2
56%
Game Gear April 28, 1995 Tails' Skypatrol
56%
Nintendo GameCube / PC June 18, 2003 Sonic Adventure DX: Director's Cut
54%
Nintendo Switch / Xbox One / Xbox Series X/S / PlayStation 4 / PlayStation 5 / PC June 23, 2022 Sonic Origins
54%
Nintendo GameCube / Xbox / PlayStation 2 PC February 21, 2006 Sonic Riders
54%
Wii / Xbox 360 / PlayStation 3 / PC / iOS / Android / BlackBerry / Windows Phone / Ouya October 7, 2010 Sonic the Hedgehog 4: Episode I
54%
Xbox 360 / PlayStation 3 / PC / iOS / Android / Ouya / Nvidia Shield Portable / Nvidia Shield TV May 15, 2012 Sonic the Hedgehog 4: Episode II
54%
Master System / Game Gear November 14, 1996 Sonic Blast
53%
Nintendo Switch / Xbox One / Xbox Series X/S / PlayStation 4 / PlayStation 5 / PC / Amazon Luna September 3, 2021 Sonic Colors: Ultimate
51%
Nintendo Switch / Xbox One / PlayStation 4 / PC July 17, 2018 Sonic Mania Plus
51%
Sega Saturn June 20, 1997 Sonic Jam
49%
Game.com July 10, 1998 Sonic Jam
49%
PC / iOS September 19, 2019 Sonic Racing
49%
Arcade May, 1996 Sonic the Fighters
49%
iOS / PC / Apple TV December 5, 2023 Sonic Dream Team
47%
Nintendo GameCube November 10, 2002 Sonic Mega Collection
47%
Dreamcast November 14, 2000 Sonic Shuffle
47%
Nintendo Switch / Xbox One / PlayStation 4 / PC May 21, 2019 Team Sonic Racing
47%
Sega Genesis / Game Gear November 26, 1993 Dr. Robotnik's Mean Bean Machine
46%
Nintendo 3DS November 10, 2014 Sonic Boom: Shattered Crystal
46%
Wii / Nintendo DS November 6, 2007 Mario & Sonic at the Olympic Games
44%
iOS / Android September 12, 2017 Sonic Forces: Speed Battle
44%
i-mode 505/506/70X/900/901 / T-Mobile Sidekick / Java Platform, Micro Edition / Android February 21, 2005 Sonic Jump
44%
iOS / Android October 18, 2012 Sonic Jump
44%
N-Gage October 3, 2003 Sonic N
44%
Wii / Xbox 360 / PlayStation 3 / Arcade / PC / iOS / Android / BlackBerry February 24, 2010 Sonic & Sega All-Stars Racing
44%
Arcade June 1993 SegaSonic the Hedgehog
42%
Xbox 360 November 4, 2010 Sonic Free Riders
42%
iOS / Android February 25, 2015 Sonic Runners
42%
Game Gear March 18, 1994 Sonic Drift
40%
Wii / PlayStation 2 January 8, 2008 Sonic Riders: Zero Gravity
40%
PC October 18, 1996 Sonic's Schoolhouse
40%
iOS / Android July 1, 2015 Sonic Dash 2: Sonic Boom
37%
Neo Geo Pocket Color December 4, 1999 Sonic the Hedgehog Pocket Adventure
37%
Game Gear March 17, 1995 Sonic Drift 2
35%
Nintendo GameCube / PlayStation 2 August 11, 2005 Sonic Gems Collection
35%
Game Gear November 17, 1995 Sonic Labyrinth
33%
Nintendo Switch / Xbox One / Xbox Series X/S / PlayStation 4 / PlayStation 5 / PC June 23, 2023 Sonic Origins Plus
33%
PC March 31, 2023 The Murder of Sonic the Hedgehog
33%
Wii U / Nintendo 3DS / Xbox 360 / PlayStation 3 / PlayStation Vita / PC / iOS / Android November 15, 2012 Sonic & All-Stars Racing Transformed
30%
Nintendo DS September 26, 2008 Sonic Chronicles: The Dark Brotherhood
30%
Nintendo DS March 2, 2010 Sonic Classic Collection
28%
Sega Genesis / PC 1991 Sonic Eraser
28%
PlayStation 2 / Xbox / PC November 2, 2004 Sonic Mega Collection Plus
28%
Wii / Nintendo DS October 13, 2009 Mario & Sonic at the Olympic Winter Games
26%
Wii U / Nintendo 3DS February 18, 2016 Mario & Sonic at the Rio 2016 Olympic Games
26%
Wii / Nintendo DS November 15, 2011 Mario & Sonic at the London 2012 Olympic Games
25%
iOS / Android April 16, 2014 Sonic Jump Fever
25%
Game Boy Advace June 1, 2003 Sonic Pinball Party
25%
Game Boy Advance November 14, 2006 Sonic the Hedgehog Genesis
25%
Arcade December 1991 Waku Waku Sonic Patrol Car
25%
Nintendo Switch November 1, 2019 Mario & Sonic at the Olympic Games Tokyo 2020
23%
Arcade April 25, 1993 SegaSonic Cosmo Fighter
23%
Arcade April 1993 SegaSonic Popcorn Shop
23%
Sega Pico October 4, 1994 Tails and the Music Maker
23%
Arcade 1992 SegaSonic Bros.
21%
iOS / Android / Java Platform, Micro Edition June 10, 2017 Sonic Runners Adventure
21%
Wii U November 9, 2013 Mario & Sonic at the Sochi 2014 Olympic Winter Games
19%
Java Platform, Micro Edition June 18, 2008 Sonic at the Olympic Games
18%
PlayStation 2 November 2, 2004 Sega Superstars
16%
iOS / Android July 13, 2023 Sonic Prime Dash
12%
i-mode 505/506/70X/90X / Vodafone January 23, 2006 Shadow Shoot
11%
iOS April 8, 2022 Sonic Dash+
11%
i-mode 503/504 March 25, 2002 Sonic Fishing
11%
i-mode 503/504 January 28, 2002 Sonic Golf
11%
i-mode 503/504 July 22, 2002 Sonic Bowling
9%
Sega Pico October 29, 1994 Sonic the Hedgehog's Gameworld
9%
Wii / Nintendo DS / Xbox 360 / PlayStation 2 / PlayStation 3 / PC March 17, 2008 Sega Superstars Tennis
7%
Sega Genesis July, 1995 Sonic Classics 3 in 1
7%
i-mode 503/504/505/506/900 / Vodafone / EZweb Brew 3.1 April 21, 2003 Sonic Darts
7%
PC February 14, 1997 Sonic & Knuckles Collection
7%
i-mode 503/504/505/506/70X/90X / Vodafone / EZweb Brew 2.1/3.1 December 20, 2001 Sonic Tennis
7%
i-mode 505/506/70X/90X / Vodafone / EZweb Brew 3.1 April 8, 2005 Amy's American Page One
5%
Nintendo Switch September 20, 2018 Sega Ages: Sonic the Hedgehog
5%
Nintendo Switch February 13, 2020 Sega Ages: Sonic the Hedgehog 2
5%
iOS / Android May 17, 2015 Sonic Dash Club
5%
iOS / Android February 5, 2014 Sonic Dash S
5%
Java Platform, Micro Edition May, 2008 Sonic Jump 2
5%
i-mode 503/504/505 / Vodafone October 27, 2003 Sonic Reversi
5%
Nintendo 3DS July 22, 2015 3D Sonic the Hedgehog 2
4%
iOS January 29, 2010 Sonic at the Olympic Winter Games
4%
i-mode 503/504/505/90X / Vodafone / EZweb Brew 3.1 February 23, 2004 Sonic Hopping
4%
i-mode 503/504/505 / EZweb Brew 3.1 July 28, 2002 Sonic Racing Kart
4%
i-mode 703i/901i/902i/903i/904i August 28, 2007 Sonic's Casino Poker
4%
i-mode 503/504 February 18, 2002 Speed
4%
Nintendo 3DS May 13, 2013 3D Sonic the Hedgehog
2%
iOS / Android July 28, 2018 SEGA Heroes
2%
iOS / Android May 7, 2020 Sonic at the Olympic Games - Tokyo 2020
2%
i-mode 503/504/70X/90X / Vodafone / EZweb Brew 2.1/3.1 April 16, 2002 Sonic Billiards
2%
i-mode 503/504/505/90X / Vodafone / EZweb Brew 2.1/3.1 June 24, 2004 Sonic Hopping 2
2%
i-mode 90X December 6, 2005 Sonic Kart 3DX
2%
i-mode 503/504 January 27, 2003 Sonic Putter
2%
i-mode 503/504 November 18, 2002 Sonic Racing Shift Up
2%
i-mode 504/505/70X/90X March 27, 2006 Sonic Speed DX
2%
Sega Genesis November, 1994 Wacky Worlds Creativity Studio
2%
i-mode 503/504 September 20, 2002 Eggman no Kazuate Panic!
0%
Arcade January 23, 2020 Mario & Sonic at the Olympic Games Tokyo 2020 - Arcade Edition
0%
Arcade February 24, 2016 Mario & Sonic at the Rio 2016 Olympic Games Arcade Edition
0%
i-mode 504i May 22, 2002 Nakayoshi Chao!
0%
Java Platform, Micro Edition February 16, 2011 Sonic Cricket
0%
i-mode 504/505/900 / Vodafone October 25, 2004 Sonic Gammon
0%
i-mode 90X / Vodafone February, 2006 Sonic Golf 3D
0%
i-mode 503/504 September 9, 2002 Sonic Golf C-Mode Cup
0%
Java Platform, Micro Edition 2001 Sonic Head On
0%
i-mode 503/504/505/900 July 26, 2004 Sonic Hearts
0%
i-mode 90X October 20, 2005 Sonic Kart DX
0%
Java Platform, Micro Edition 2001 Sonic Logic
0%
i-mode 505/506/70X/90X / Vodafone June 26, 2006 Sonic no 7 Narabe
0%
i-mode 505/506/900/901 / Vodafone / EZweb Brew 2.1/3.1 January 24, 2005 Sonic no Daifuugou
0%
i-mode 70X/90X / Vodafone July 30, 2007 Sonic no Jigen Ressha
0%
i-mode 503/504 October 17, 2002 Sonic no Jirai Sagashi Game
0%
i-mode 503/504/505/900 / Vodafone / EZweb Brew 2.1/3.1 September 22, 2004 Sonic Panel Puzzle
0%
i-mode 505/506/70X/90X / Vodafone / EZweb Brew 3.1 July 28, 2005 Sonic Reversi Hyper
0%
Java Platform, Micro Edition 2001 Sonic's Bomb Squad
0%
i-mode 70X/90X November 28, 2006 Sonic's Napoleon
0%
Vodafone / EZweb / Willcom October 1, 2010 Sonic Tennis DX
0%
Java Platform, Micro Edition 2007 Sonic the Hedgehog Golf
0%
i-mode 90X / Vodafone / EZweb / Willcom / iOS July 1, 2010 Sonic the Sketchhog
0%
i-mode 503/504/505 / Vodafone / EZweb Brew 2.1/3.1 2003 Speed DX
0%
i-mode 504/505 December 5, 2003 Tails no Flying Get
0%
No matching quizzes found
Score Distribution
Percent of People with Each Score
Percentile by Number Answered
Your Score History
You have not taken this quiz since the last reset